Score 0/41 Timer 00:30
0 Plays Today
Number Number % Correct
????
100%
????
100%
????
90.9%
????
90.9%
????
90.9%
????
90.9%
????
90.9%
????
90.9%
????
90.9%
????
90.9%
????
90.9%
????
90.9%
????
90.9%
????
90.9%
????
90.9%
????
90.9%
????
90.9%
????
90.9%
????
90.9%
????
90.9%
????
90.9%
Number Number % Correct
????
81.8%
????
81.8%
????
81.8%
????
81.8%
????
80%
????
80%
????
80%
????
80%
????
80%
????
80%
????
80%
????
80%
????
80%
????
80%
????
80%
????
80%
????
80%
????
80%
????
80%
????
80%
Remove Ads.
Support Sporcle.
Get the best of Sporcle when you Go Orange. This ad-free experience offers more features, more stats, and more fun while also helping to support Sporcle. Thank you for becoming a member.

You're not logged in!

Compare scores with friends on all Sporcle quizzes.
OR
Log In

Show Comments

Extras

Created Dec 13, 2012ReportNominate
Tags:Numbers Quiz

Top Quizzes Today


Score Distribution

Your Account Isn't Verified!

In order to create a playlist on Sporcle, you need to verify the email address you used during registration. Go to your Sporcle Settings to finish the process.

Report this User

Report this user for behavior that violates our Community Guidelines.

Details: